Social cohesion and counter-terrorism : (Record no. 600692)

000 -LEADER
fixed length control field 00353nam a2200121Ia 4500
008 - FIXED-LENGTH DATA ELEMENTS--GENERAL INFORMATION
fixed length control field 230907s9999||||xx |||||||||||||| ||und||
082 ## - DEWEY DECIMAL CLASSIFICATION NUMBER
Classification number 305.800941
Author Mark HUS
100 ## - MAIN ENTRY--PERSONAL NAME
Personal name Husband, Charles.
9 (RLIN) 115892
245 #0 - TITLE STATEMENT
Title Social cohesion and counter-terrorism :
260 ## - PUBLICATION, DISTRIBUTION, ETC.
Place of publication, distribution, etc. Policy Press,
Name of publisher, distributor, etc. Bristol ; | Portland, Or. :
Date of publication, distribution, etc. 2011
300 ## - PHYSICAL DESCRIPTION
Extent ix, 260 p. ;
942 ## - ADDED ENTRY ELEMENTS (KOHA)
Koha item type Book
Holdings
Withdrawn status Lost status Damaged status Not for loan Permanent Location Current Location Date acquired Total Checkouts Full call number Barcode Date last seen Price effective from Koha item type
        US-Pakistan Center for Advanced Studies in Energy (USPCAS-E) US-Pakistan Center for Advanced Studies in Energy (USPCAS-E) 09/25/2019   305.800941 HUS CAS-E0004791 09/12/2023 09/12/2023 Book
© 2023 Central Library, National University of Sciences and Technology. All Rights Reserved.